000 00314nam a2200133Ia 4500
008 231217s9999 xx 000 0 und d
041 _aEnglish
082 _a530 SAI;2 R1
100 _aSaihgal, R L
245 2 _aA text book of sound
260 _c1967
_bNew Delhi : S. Chand,
300 _a274
942 _cAA
999 _c164993
_d164993